000 00288nam a22001337a 4500
008 170627b xxu||||| |||| 00| 0 eng d
020 _a032136466-X
041 _aeng
080 _27TH
_a5
100 _a21
101 _aGJL
245 _aWRITING ARGUMENTS
_cRAMAGE,J.D
942 _2udc
_cBK
999 _c19205
_d19205